000 00520nam a2200169 i 4500
001 59002
003 ES-MaACL
005 20230906163935.0
007 t|
008 031027s1969 sp ||||1| baq d
100 1 _aEtxaide Itharte, Yon.
_948300
245 1 0 _aEtxaun'en bertsoak guipuzkerak /
_cYon Etxaide Itharte ; (Jon Mirande'ren lankidetasunez).
260 _aZarautz :
_bItxaropena,
_c1969.
300 _a358 p., 3 map. pleg. ;
_c24 cm.
700 1 _aMirande, Jon.
_981562
852 _aES-MaACL
_jC-44104
_bR.71693
999 _c59002
_d59002